000 00837nam a2200265Ia 4500
003 OSt
005 20221007124202.0
006 a|||||r|||| 00| 0
007 ta
008 221006b |||||||| |||| 00| 0 eng d
020 _a9781439811641 (pbk)
024 _a117915
037 _b2095, 21/12/2010, Educational Book Agency (India)
_cTextbook
040 _aCDL
_cCDL
_beng
041 _2eng
_aeng
082 _aE5, Q1 Carc
100 _aCooper Caroline
_9718630
245 0 _aOrganic chemist's desk reference
250 _a2
260 _aBoca
_bRaton CRC Press
_c2011
300 _axv, 268p.
_ccm.
500 _aIncludes bibliographical references.; Index 263-268p.
942 _hE5, Q1 Carc
_cTB
_2CC
999 _c1213142
_d1213142